|
|
|
|
| LEADER |
00000nab a2200000 a 4500 |
| 001 |
vtls011116889 |
| 003 |
SK-MaSNL |
| 005 |
20260304030119.0 |
| 008 |
250310|2002 xo |||||||||||||||||slo| |
| 015 |
|
|
|a SNBRB
|
| 035 |
|
|
|a (uuid)b9195358-3016-48bb-a78b-9b5ba62c92cc
|
| 035 |
|
|
|a (urnnbn)urn:nbn:sk:snk:ar-a08l6z
|
| 035 |
|
|
|a urn:nbn:sk:snk-ab9nd8
|
| 040 |
|
|
|a SNKBUCL
|b slo
|c SNKBUCL
|e AACR2
|
| 041 |
0 |
|
|a slo
|
| 044 |
|
|
|a xo
|c SK
|
| 100 |
1 |
|
|a Balek, Juraj
|4 aut
|9 473740
|
| 245 |
1 |
0 |
|a Aplikácia procesného prístupu v stavebnej firme
|c Juraj Balek
|
| 773 |
0 |
|
|t Kvalita : odborný časopis Slovenskej spoločnosti pre kvalitu
|g Roč. 10, č. 3 (2002), s. 10-13
|
| 958 |
|
|
|a OND
|
| 958 |
|
|
|a EUIPO
|
| 958 |
|
|
|a article13
|
| 999 |
|
|
|c 2631771
|d 2633701
|